000 00412 a2200157 4500
020 _a9693505611
040 _aDLC
_bDLC
082 _a891.4393
100 _aKhadija Mastoor
245 _aAangan
_c Khadija Mastoor
_h[Urdu]
260 _aLahore:
_bSang-e-meel Publications,
_c2004.
300 _a318 p.
_c; 21 cm.
500 _a Includes Index
650 _aUrdu Literature--Novel.
942 _cBK
_k891.4393 KHA
_2ddc
999 _c5179
_d5179